Normal view
MARC view
- Austin, J. L.
Entry Personal Name
001 - CONTROL NUMBER
- control field: 14851
003 - CONTROL NUMBER IDENTIFIER
- control field: OSt
005 - DATE AND TIME OF LATEST TRANSACTION
- control field: 20260129110615.0
008 - FIXED-LENGTH DATA ELEMENTS
- fixed length control field: 260129|| aca||aabn | a|a d
040 ## - CATALOGING SOURCE
- Original cataloging agency: OSt
- Transcribing agency: OSt
100 ## - HEADING--PERSONAL NAME
- Personal name: Austin, J. L.
- Fuller form of name: (John Langshaw),
- Dates associated with a name: 1911-1960
670 ## - SOURCE DATA FOUND
- Source citation: Work cat.: (OSt)5890: Austin, J. L. (John Langshaw), 1911-1960., How to do things with words., c1962.